Management gurus and management fashions: a dramatistic inquiry. (Record no. 101283)

MARC details
000 -LEADER
fixed length control field 00491cam a2200181 4500
008 - FIXED-LENGTH DATA ELEMENTS--GENERAL INFORMATION
fixed length control field 000000n2001 000 0 eng u
020 ## - INTERNATIONAL STANDARD BOOK NUMBER
International Standard Book Number 0415249465
035 ## - SYSTEM CONTROL NUMBER
System control number (Sirsi) u111730
050 ## - LIBRARY OF CONGRESS CALL NUMBER
Classification number 658.4
100 ## - MAIN ENTRY--PERSONAL NAME
Personal name Jackson, Brad
245 ## - TITLE STATEMENT
Title Management gurus and management fashions: a dramatistic inquiry.
260 ## - PUBLICATION, DISTRIBUTION, ETC.
Place of publication, distribution, etc. London
Name of publisher, distributor, etc. Routledge
Date of publication, distribution, etc. 2001
300 ## - PHYSICAL DESCRIPTION
Extent xvi, 208p. ; 24cm.
350 ## - PRICE (NR) (BK AM CF MU VM SE) [OBSOLETE]
Price 18.99
650 ## - SUBJECT ADDED ENTRY--TOPICAL TERM
Topical term or geographic name entry element MANAGEMENT
690 ## - LOCAL SUBJECT ADDED ENTRY--TOPICAL TERM (OCLC, RLIN)
Topical term or geographic name as entry element MANAGEMENT-BUSINESS MANAGEMENT
942 ## - ADDED ENTRY ELEMENTS (KOHA)
Suppress in OPAC 0
Holdings
Withdrawn status Lost status Source of classification or shelving scheme Damaged status Not for loan Home library Current library Shelving location Date acquired Cost, normal purchase price Total Checkouts Full call number Barcode Date last seen Date last checked out Copy number Cost, replacement price Price effective from Koha item type
    Dewey Decimal Classification     London London Books 02/04/2001 18.99 11 658.4 JAC 30063962 06/08/2019 02/02/2009 1 18.99 06/08/2019 Book